Sitxell : territorial informations system for the network of open areas territorial informations system for the network of open areas
Publicado:
Barcelona :
Diputació de Barcelona. Àrea de Territori i sostenibilitat. Oficina Tècnica de Planificació i Anàlisi Territorial ,
2012
Descripción Física:
[10] p. : il. col., fot. ; 21 x 15 cm
Materias:
Sistemes d'Informació Geogràfica
MARC
| LEADER | 00000nam a2200000Ia 4500 | ||
|---|---|---|---|
| 001 | 23655 | ||
| 008 | 160829s2012 xx 000 0 cat d | ||
| 080 | |a FU-61-84 | ||
| 245 | |a Sitxell : |b territorial informations system for the network of open areas | ||
| 260 | |a Barcelona : |b Diputació de Barcelona. Àrea de Territori i sostenibilitat. Oficina Tècnica de Planificació i Anàlisi Territorial, |c 2012 | ||
| 300 | |a [10] p. : |b il. col., fot. ; |c 21 x 15 cm | ||
| 590 | |a Text en anglès. Hi ha un altre exemplar en català amb R. 23654 i en castellà amb R. 23653 | ||
| 650 | |a Sistemes d'Informació Geogràfica |9 50410 | ||
| 710 | 1 | |a Barcelona (Catalunya : Província). |b Oficina Tècnica de Planificació i Anàlisi Territorial |9 54979 | |
| 901 | |a Arxiu | ||
| 942 | |n 1 | ||
| 952 | |0 0 |1 0 |4 0 |6 FU6184 |7 1 |9 56016 |a Arxiu |b Arxiu |d 2016-12-01 |l 0 |o FU-61-84 |p 23655 |r 2016-12-01 00:00:00 |w 2016-12-01 |y ARXIU | ||
| 999 | |c 59890 |d 59890 | ||